| 000 | 00960cam a2200301 a 4500 | ||
|---|---|---|---|
| 001 | 000017570 | ||
| 005 | 20200929165144.0 | ||
| 008 | 771207s1956 sp 000 0 spa d | ||
| 020 | _a8427908121 | ||
| 040 |
_aDO-SdBNP _bspa _cLC _dBNPHU |
||
| 041 | 1 | 7 |
_aspa _hfre _2Código de idioma MARC |
| 042 | _apremarc | ||
| 082 |
_a849.9 _bJ91t, 1956 |
||
| 100 | 1 |
_aJuan Arbó, Sebastián, _d1902-1984 _924440 |
|
| 240 | 0 | 0 |
_aTerres de l´ebre. _lEspañol |
| 245 | 1 | 0 |
_aTierras del Ebro / _cSebastián Juan Arbó ; prólogo Ignacio Agustí. |
| 250 | _a6a ed. | ||
| 260 |
_aBarcelona : _bNoguer S. A., _c1956. |
||
| 300 |
_a313 p. ; _c18 cm. |
||
| 490 | 1 | _aGalería Literaria | |
| 534 |
_aTítulo original de la obra: _tTerres de l´ebre |
||
| 650 | 4 |
_aNovela catalana _919902 |
|
| 650 | 4 |
_aLiteratura catalana _93128 |
|
| 700 | 1 |
_aAgustí, Ignacio, _epról. _938336 |
|
| 830 | 0 |
_aGalería Literaria _924215 |
|
| 910 | _aCatalogación derivada | ||
| 049 | _aBNGR | ||
| 999 |
_c17095 _d17095 |
||